000 00458nam a2200193Ia 4500
008 210210b1928 xxu||||| |||| 00| 0 eng d
041 _aeng
082 _a884/18
100 _aROY (Pi Si) Ed
245 _aMahabharata IX: santi and anusasana parva
260 _aCalcutta
_b-
_c1928
650 _asanti
650 _aparva
650 _aMahabharata
650 _aIX:
650 _aanusasana
690 _aSanskrit Purana & Smrithi
906 _a024426
999 _c149916
_d149916